Cillian Murphy Roles in Movies/Tv Shows/Plays!! - Statistics

General Stats
  • This quiz has been taken 75 times
  • The average score is 9 of 15
Answer Stats
Question Answer % Correct
What movie does Cillian murphy play a soldier who is rescued from a sinking boat during the second world war?? Dunkirk
95%
What Tv show/Documentary does Cillian murphy play a crime gang leader in birmingham?? Peaky Blinders
91%
What movie does Cillian murphy play an irish man during the irish revolution who is trying to move to london to pursue his dreams?? The Wind That Shakes The Barley
82%
What movie does Cillian murphy play a middle-aged married man who has an affair with his wifes friend while that friend is going through marital problems?? The Delinquent Season
77%
What movie does Cillian murphy play a corrupt professor of psychology turned criminal mastermind?? Batman Begins
68%
What play does Cillian murphy play a crow who is a antagonist, babysitter, trickster and healer who is drawn to a grieving family and threatens to stay until they no longer need him?? Grief is the thing with Feathers
68%
What Play does Cillian murphy star in that took place at the Galway international arts festival?? Ballyturk
59%
What movie does Cillian murphy play a trans women?? Breakfast on Pluto
55%
What movie does Cillian murphy play a boy who is born on the same day as his best friend, in the same hospital, and they are in separable. but by his 17th birthday, his sexual awakening and jealousy begins to threaten their private universe?? Disco Pigs
55%
What movie does Cillian murphy play a physicist that has devoted his academic life to debunking those who claim to have paranormal abilities?? Red Lights
55%
What movie does Cillian murphy play a CIA agent looking to help a russian spy who is also working for the Russians?? Anna
45%
How many Irish Plays Has Cillian Murphy Stared in?? 5
41%
What movie does Cillian murphy play a czech assassin sent in to assassinate a communist leader during World war 2? Arthropod
41%
How many Awards Has Cillian Murphy won? 9
18%
How many Irish Movies Has Cillian Murphy Stared in?? 36
14%
No matching quizzes found
Score Distribution
Percent of People with Each Score
Percentile by Number Answered
Your Score History
You have not taken this quiz